La inferioridad física en el niño / (Record no. 111230)

MARC details
000 -LEADER
campo de control de longitud fija 00546nam a2200181 4500
001 - NÚMERO DE CONTROL
campo de control 111230
003 - IDENTIFICADOR DE NÚMERO DE CONTROL
campo de control ES-MaACL
005 - FECHA Y HORA DE LA ÚLTIMA TRANSACCIÓN
campo de control 20230906185252.0
007 - CAMPO FIJO DE DESCRIPCIÓN FÍSICA--INFORMACIÓN GENERAL
campo de control de longitud fija t|
008 - DATOS DE LONGITUD FIJA--INFORMACIÓN GENERAL
campo de control de longitud fija 061121s1969 sp r ||||1| spa d
100 1# - ENTRADA PRINCIPAL--NOMBRE DE PERSONA
Nombre de persona Olerón, Pierre.
9 (RLIN) 86702
245 13 - MENCIÓN DEL TÍTULO
Título La inferioridad física en el niño /
Mención de responsabilidad, etc. Pierre Olerón ; traducción de M. Villanueva de Castro.
250 ## - MENCION DE EDICION
Mención de edición 1ª. ed.
260 ## - PUBLICACIÓN, DISTRIBUCIÓN, ETC.
Lugar de publicación, distribución, etc. Barcelona :
Nombre del editor, distribuidor, etc. Miracle,
Fecha de publicación, distribución, etc. 1969.
300 ## - DESCRIPCIÓN FÍSICA
Extensión 164 p. ;
Dimensiones 19 cm.
700 1# - ENTRADA AGREGADA--NOMBRE PERSONAL
Nombre de persona Villanueva de Castro, M.
9 (RLIN) 115036
852 ## - LOCALIZACIÓN
Ubicación ES-MaACL
Número de control de estantería C-35916
Sublocalización o colección R.69887
Holdings
Estatus retirado Estado de pérdida Estado de daño No para préstamo Biblioteca de origen Biblioteca actual Ubicación en estantería Fecha de adquisición Fuente de adquisición Total de préstamos Signatura topográfica completa Código de barras Visto por última vez Precio de reemplazo Tipo de ítem Koha
        Biblioteca del Ateneo de Madrid Biblioteca del Ateneo de Madrid Depósito 2 17/01/2008     C-35916 1116049 23/02/2023 23/02/2023 Libro impreso